Miss Mary is scary! / (Record no. 1742)

MARC details
000 -LEADER
fixed length control field 01276cam a2200349 a 4500
005 - DATE AND TIME OF LATEST TRANSACTION
control field 20250410091022.0
020 ## - INTERNATIONAL STANDARD BOOK NUMBER
International Standard Book Number 9780061703980 (lib. bdg.)
020 ## - INTERNATIONAL STANDARD BOOK NUMBER
International Standard Book Number 9780061703973 (pbk. bdg.)
040 ## - CATALOGING SOURCE
Original cataloging agency DLC
Transcribing agency DLC
Modifying agency DLC
Language of cataloging eng
050 00 - LIBRARY OF CONGRESS CALL NUMBER
Classification number PZ7.G9846
Item number Mkp 2010
082 00 - DEWEY DECIMAL CLASSIFICATION NUMBER
Classification number PZ7.G9846
Edition number 22
100 1# - MAIN ENTRY--PERSONAL NAME
Personal name Gutman, Dan.
245 10 - TITLE STATEMENT
Title Miss Mary is scary! /
Statement of responsibility, etc. Dan Gutman ; pictures by Jim Paillot.
260 ## - PUBLICATION, DISTRIBUTION, ETC.
Place of publication, distribution, etc. New York :
Name of publisher, distributor, etc. Harper,
Date of publication, distribution, etc. 2010.
300 ## - PHYSICAL DESCRIPTION
Extent 103 pages :
Other physical details illustrations ;
Dimensions 22 cm
490 0# - SERIES STATEMENT
Series statement My weird school daze ;
Volume/sequential designation Book 10
505 ## - FORMATTED CONTENTS NOTE
Formatted contents note J<br/>
520 ## - SUMMARY, ETC.
Summary, etc. When a British student-teacher arrives, A. J. and his friends wonder if her all-black clothing and love of blood sausage mark her as a vampire, while Mr. Granite simply hopes her musician-boyfriend will stay away long enough for a math lesson.
521 2# - TARGET AUDIENCE NOTE
Target audience note 470<br/>
Source Lexile<br/>
521 2# - TARGET AUDIENCE NOTE
Target audience note J<br/><br/>
Source Raz-Plus<br/><br/>
650 #1 - SUBJECT ADDED ENTRY--TOPICAL TERM
Topical term or geographic name entry element Schools
Form subdivision Fiction.
650 #1 - SUBJECT ADDED ENTRY--TOPICAL TERM
Topical term or geographic name entry element Student teachers
Form subdivision Fiction.
650 #1 - SUBJECT ADDED ENTRY--TOPICAL TERM
Topical term or geographic name entry element Teachers
Form subdivision Fiction.
650 #1 - SUBJECT ADDED ENTRY--TOPICAL TERM
Topical term or geographic name entry element Musicians
Form subdivision Fiction.
650 #1 - SUBJECT ADDED ENTRY--TOPICAL TERM
Topical term or geographic name entry element British
Geographic subdivision United States
Form subdivision Fiction.
650 #1 - SUBJECT ADDED ENTRY--TOPICAL TERM
Topical term or geographic name entry element Halloween
Form subdivision Fiction.
650 #1 - SUBJECT ADDED ENTRY--TOPICAL TERM
Topical term or geographic name entry element Humorous stories.
700 1# - ADDED ENTRY--PERSONAL NAME
Personal name Paillot, Jim,
Relator term illustrator
906 ## - LOCAL DATA ELEMENT F, LDF (RLIN)
a 7
b cbc
c orignew
d 1
e ecip
f 20
g y-gencatlg
942 ## - ADDED ENTRY ELEMENTS (KOHA)
Source of classification or shelving scheme Dewey Decimal Classification
Koha item type Books
Suppress in OPAC No
999 ## -
-- 1742
-- 1742
Holdings
Withdrawn status Lost status Source of classification or shelving scheme Damaged status Not for loan Collection Home library Current library Shelving location Date acquired Total Checkouts Full call number Barcode Date last seen Date last checked out Copy number Price effective from Koha item type
    Dewey Decimal Classification     Juvenile Fiction Footprints International School Library Network Toul Kork Campus Footprints International School Library Network Toul Kork Campus TK Primary Library Room(4th Floor), Bookcase 1&2, Shelves 1-16, Dark Blue Books 09/26/2023 1 GUT 360 PZ7.G9846 FISTK00533 01/25/2024 01/11/2024 1 09/26/2023 Books
    Dewey Decimal Classification     Juvenile Fiction Footprints International School Library Network Toul Tom Poung Campus Footprints International School Library Network Toul Tom Poung Campus TTP Primary Dark Blue Bookshelves 04/09/2025 4 GUT 360 PZ7.G9846 2025-1054 03/25/2026 03/11/2026 2 04/09/2025 Books